Creaming latex with tragon seed gum (Record no. 56502)

MARC details
000 -LEADER
fixed length control field 00331nam a2200121Ia 4500
100 ## - MAIN ENTRY--AUTHOR NAME
Personal name Rhodes Edgar
245 #0 - TITLE STATEMENT
Title Creaming latex with tragon seed gum
260 ## - PUBLICATION, DISTRIBUTION, ETC. (IMPRINT)
Name of publisher Journal of the Rubber Research Institute of Malaya
Year of publication 1935
300 ## - PHYSICAL DESCRIPTION
Number of Pages 140-142
700 ## - ADDED ENTRY--PERSONAL NAME
Personal name Sekar K C
942 ## - ADDED ENTRY ELEMENTS (KOHA)
Koha item type Journals
Holdings
Withdrawn status Lost status Damaged status Not for loan Home library Current library Date acquired Serial Enumeration / chronology Koha item type
      Journals RRII Library RRII Library 17/12/2021 Volume 6, Issue 2 Journals